| 000 | 00301 a2200121 4500 | ||
|---|---|---|---|
| 001 | 63595 | ||
| 082 | _a297.44 FAZ | ||
| 090 |
_c37589 _d37589 |
||
| 100 | _aM.Fazl-ur-Rehman | ||
| 245 |
_aThe Quraanic Foundation and structures of Muslim socity _hEnglish |
||
| 260 | _bAisha Bawany | ||
| 300 | _a426p | ||
| 942 |
_aCAE NUST _k297.44 FAZ |
||
| 999 |
_c298668 _d298668 |
||